Представление документа в формате RUSMARC

ПолеНазваниеЗначение
  Тип записи a
  Библиографический уровень m
001 Контрольный номер LIBNET\0000806605
005 Дата корректировки 20250519105127.0
010 Индекс ISBN __
a ISBN 978-5-17-105097-9
d Цена 94-60
021 № государственной регистрации __
a Код страны RU
035 Другие системные номера __
a Идентификатор записи RU/RGDB/BIBL/0000476393
073 Международный номер товара (EAN) _0
a Стандартный номер (EAN) 9785171049812
100 Данные общей обработки __
a Данные общей обработки 20170824d2017####c##y0rusy0189 ca
101 Язык документа 0_
a Язык текста rus
102 Страна публикации __
a Страна публикации RU
105 Кодированные данные (монография) __
a Кодированные данные (монография) a###g########
106 Кодированные данные (форма документа) __
a Кодированные данные для формы документа (Обозначение носителя) r
200 Заглавие и сведения об ответственности 1_
a Заглавие Погода
e Сведения, относящиеся к заглавию эксперименты и опыты с атмосферными явлениями
e Сведения, относящиеся к заглавию [для младшего школьного возраста]
f Первые сведения об ответственности П. М. Волцит
g Последующие сведения об ответственности [художники: Александр и Ирина Чукавины]
210 Выходные данные 1_
a Место издания Москва
c Издательство АСТ
c Издательство Аванта
d Дата издания 2017
215 Физическое описание __
a Объем 44, [3] с.
c Иллюстрации/тип воспроизводства цв. ил.
225 Серия (Журнальная рубрика) 1_
a Серия (Журнальная рубрика) Почемучкины книжки
225 Серия (Журнальная рубрика) 1_
a Серия (Журнальная рубрика) Почемучкины опыты и эксперименты
300 Общие примечания __
a Общие примечания Авт. на тит. л. не указ.
330 Аннотация __
a Аннотация В книге ты найдёшь несколько любопытных рассказов об атмосферных явлениях: что такое ветер, откуда берутся гром и молния, град и снег, дождь, туман и роса, а также 9 интереснейших экспериментов с погодой: например, ты сможешь сделать сам настоящее облако и даже молнию! Все эксперименты разработаны с использованием предметов, которые легко найти в каждом доме. Эти увлекательные занятия помогут понять не только некоторые погодные явления, но и разовьют воображение, творческое и логическое мышление, познавательную активность. Для младшего школьного возраста.
333 Примечание о целевом назначении __
a Примечание о целевом назначении 0+
606 Тематические рубрики 1_
a Основная рубрика Метеорология
606 Тематические рубрики 1_
a Основная рубрика Геофизика
606 Тематические рубрики 1_
a Основная рубрика Естественные науки в целом
610 Ключевые слова 0_
a Ключевые слова детская литература
a Ключевые слова природные явления
a Ключевые слова опыты и эксперименты
a Ключевые слова погода
686 Индексы других классификаций __
a Индекс ББК Мл 20я92
a Индекс ББК Мл 26.23
v Номер издания Таблицы для детских и школьных библиотек
2 Код системы rubbk
700 Автор _1
a Фамилия Волцит
b Имя П. М.
f Даты 1975-
g Полное личное имя Пётр Михайлович
702 Вторичная интеллектуальная ответственность _1
a Фамилия Чукавин
b Имя А. А.
c Титул (звания) художник
g Полное личное имя Александр А.
4 Код отношения 440
702 Вторичная интеллектуальная ответственность _1
a Фамилия Чукавина
b Имя И. А.
c Титул (звания) художник
g Полное личное имя Ирина А.
4 Код отношения 440
801 Источник записи _0
a Страна RU
b Организация РГДБ
c Дата составления 20170824
801 Источник записи _1
a Страна RU
b Организация РГДБ
c Дата составления 20170824
801 Источник записи _2
a Страна RU
b Организация РГДБ
c Дата составления 20170828
2 Код формата rusmarc
801 Источник записи _2
a Страна ru
b Организация Центральная районная библиотека им. Г. А. Пирожникова
c Дата составления 20180607
830 Общее примечание каталогизатора __
a Текст примечания 205
852 Данные о местонахождении __
j Шифр хранения 20я92
i Авторский знак В 688
901 Тип документа __
t Тип документа m
902 Роль лиц __
b Редактор БЗ ОКиОЛ/Струналь
993 __
c 2018-7
e 18070465
f ООЧ
h 94-60
i 0129121
m 1
n 43259
o I
993 __
c 2018-7
e 18070466
f 12
h 94-60
i 0129124
m 1
n 43259
o I
993 __
c 2018-7
e 18070467
f 26
h 94-60
i 0129123
m 1
n 43259
o I
993 __
c 2018-7
e 18070468
f 29
h 94-60
i 0355500
m 1
n 43259
o I
993 __
c 2018-7
e 18070469
f 32
h 94-60
i 0129122
m 1
n 43259
o I